বঙ্গীয় শিল্পকলা : (Record no. 2355)
[ view plain ]
| 000 -LEADER | |
|---|---|
| fixed length control field | 01227nam a2200253 a 4500 |
| 003 - CONTROL NUMBER IDENTIFIER | |
| control field | BD-DhJNU |
| 005 - DATE AND TIME OF LATEST TRANSACTION | |
| control field | 20251111052909.0 |
| 008 - FIXED-LENGTH DATA ELEMENTS--GENERAL INFORMATION | |
| fixed length control field | 251108s2024 bg |||g |||| 000 1|ben|d |
| 020 ## - INTERNATIONAL STANDARD BOOK NUMBER | |
| International Standard Book Number | 9789849901501 |
| 040 ## - CATALOGING SOURCE | |
| Original cataloging agency | BD-DhJNU |
| Language of cataloging | ben |
| Transcribing agency | BD-DhJNU |
| Modifying agency | BD-DhJNU |
| 041 ## - LANGUAGE CODE | |
| Language code of text/sound track or separate title | ben |
| 082 ## - DEWEY DECIMAL CLASSIFICATION NUMBER | |
| Classification number | 701.17 SAB |
| Edition number | 23 |
| 100 ## - MAIN ENTRY--PERSONAL NAME | |
| -- | ৈকত, দ্রাবিড় |
| 242 10 - TRANSLATION OF TITLE BY CATALOGING AGENCY | |
| Title | Banggiyo Shilpokola : dehototter darshonik uttaradhikar / by Dravid Saikot |
| 245 10 - TITLE STATEMENT | |
| Title | বঙ্গীয় শিল্পকলা : |
| Remainder of title | দেহতত্ত্বের দার্শনিক উত্তরাধিকার / |
| Statement of responsibility, etc. | দ্রাবিড় সৈকত |
| 246 ## - VARYING FORM OF TITLE | |
| Title proper/short title | Banggiyo Shilpokola : dehototter darshonik uttaradhikar |
| 250 ## - EDITION STATEMENT | |
| Edition statement | 1st ed. |
| 260 ## - PUBLICATION, DISTRIBUTION, ETC. | |
| Place of publication, distribution, etc. | ঢাকা : |
| Name of publisher, distributor, etc. | মিসেস নূরজাহান, |
| Date of publication, distribution, etc. | 2024. |
| 300 ## - PHYSICAL DESCRIPTION | |
| Extent | ২৮৮ পৃ. : |
| Other physical details | চিত্র ; |
| Dimensions | ২১ সেমি.। |
| 504 ## - BIBLIOGRAPHY, ETC. NOTE | |
| Bibliography, etc. note | গ্রন্থপঞ্জিগত নির্দেশিকা ও নিঘন্ট অন্তভূক্ত |
| 650 ## - SUBJECT ADDED ENTRY--TOPICAL TERM | |
| Topical term or geographic name entry element | Philosophy of art (শিল্পকলার দর্শন) |
| 650 ## - SUBJECT ADDED ENTRY--TOPICAL TERM | |
| Topical term or geographic name entry element | Bengali aesthetics (বাঙালি নন্দনতত্ত্ব) |
| 942 ## - ADDED ENTRY ELEMENTS (KOHA) | |
| Koha item type | Books |
| Withdrawn status | Lost status | Source of classification or shelving scheme | Damaged status | Not for loan | Collection | Home library | Current library | Shelving location | Date acquired | Source of acquisition | Total checkouts | Full call number | Barcode | Date last seen | Copy number | Price effective from | Koha item type |
|---|---|---|---|---|---|---|---|---|---|---|---|---|---|---|---|---|---|
| Dewey Decimal Classification | Non-fiction | Jagannath University Central Library | Jagannath University Central Library | General stacks | 11/11/2025 | Purchased | 701.17 SAB | JNUCL36268 | 11/11/2025 | 1 | 11/11/2025 | Books |